000 01170nam a2200313Ia 4500
001 dia_1742
003 CHAP
005 20230619130105.0
008 220117s1986 xx 000 0 und d
010 _a172279
020 _a968-884-007-6
040 _cCHAP
082 _a630.972 K34 1986
100 _aKaerger, Karl
_962578
245 _aAgricultura y colonización en México en 1900 /
_c Karl Kaerger ; traducción Pedro Lewin y Gudrun Dohrmann
260 _aMéxico :
_b UACh, Centro de Investigaciones y Estudios Superiores en Antropología Social,
_c1986
300 _a349 p.
500 _aTítulo original: Landwirtschaft und kolonisation im spanischen amerika
590 _aHD465 K34 1986
650 _aAgricultura
_xAmérica Latina
_9141433
650 _aAgriculture
_xLatin America
_9151472
651 _a3. América Latina - Emigración e inmigración \ 4. Latin America - Emigration and immigration
_9151473
700 _aDohrmann, Gudrun, tr.
_9144958
700 _aLewin, Pedro, tr.
_9144961
901 _a630.972 K34 1986
902 _aM
905 _a5232271986 mx an 8223223322spa16
942 _cLIBRO
_2ddc
999 _c172279
_d172279